| 000 | 00000nam 2200000zi 4500 |
| 001 | 9.933284 |
| 003 | CaOODSP |
| 005 | 20240624130040 |
| 006 | m o d f |
| 007 | cr cn||||||||| |
| 008 | 240201e202401##onc ob f000 0 eng d |
| 040 | |aCaOODSP|beng|erda|cCaOODSP |
| 043 | |an-cn--- |
| 086 | 1 |aXC11-1/1-441-23E-PDF |
| 110 | 1 |aCanada. |bParliament. |bHouse of Commons. |bStanding Committee on Foreign Affairs and International Development, |eauthor, |eissuing body. |
| 245 | 10|aCanada's sanctions regime : |btransparency, accountability and effectiveness / |cAli Ehsassi, chair. |
| 264 | 1|a[Ottawa] : |bHouse of Commons, Canada = Chambre des communes, Canada, |cJanuary 2024. |
| 300 | |a1 online resource (viii, 69 pages). |
| 336 | |atext|btxt|2rdacontent |
| 337 | |acomputer|bc|2rdamedia |
| 338 | |aonline resource|bcr|2rdacarrier |
| 490 | 1 |aReport of the Standing Committee on Foreign Affairs and International Development ; |v23rd report, 44th Parliament, 1st session |
| 500 | |aIssued also in French under title: Le régime de sanctions du Canada : transparence, responsabilisation et efficacité. |
| 500 | |aOriginal published on: 2024/01/31; published on: 2024/06/21. |
| 504 | |aIncludes bibliographical references. |
| 520 | |a"The report addresses the coherence of Canada's sanctions legislation and the consistency of its application against foreign states and nationals"--Introduction, page 9. |
| 650 | 0|aSanctions (International law) |
| 650 | 0|aSanctions (Law)|zCanada. |
| 700 | 1 |aEhsassi, Ali. |
| 775 | 08|tLe régime de sanctions du Canada : |w(CaOODSP)9.933287 |
| 830 | #0|aReport of the Standing Committee on Foreign Affairs and International Development ;|v23rd report, 44th Parliament, 1st session.|w(CaOODSP)9.507099 |
| 856 | 40|qPDF|s3.29 MB|uhttps://publications.gc.ca/collections/collection_2024/parl/xc11-1/XC11-1-1-441-23-eng.pdf |
| 856 | 4 |qHTML|sN/A|uhttps://www.ourcommons.ca/DocumentViewer/en/44-1/FAAE/report-23/ |